|
|
|
|
| LEADER |
00000nam0a2200000 4500 |
| 001 |
102297 |
| 005 |
20231031112944.0 |
| 010 |
|
|
|a 5020071781
|
| 020 |
|
|
|a RU
|b 90-1477
|
| 035 |
|
|
|a (RuTPU)RU\TPU\book\110310
|
| 090 |
|
|
|a 102297
|
| 100 |
|
|
|a 20060921d1989 k y0rusy5003 ca
|
| 101 |
0 |
|
|a rus
|
| 102 |
|
|
|a RU
|
| 105 |
|
|
|a y z 000zy
|
| 200 |
1 |
|
|a Пакеты прикладных программ
|e математическое моделирование
|f Академия Наук СССР, Вычислительный центр; под ред. А. А. Самарского
|
| 210 |
|
|
|a Москва
|c Наука
|d 1989
|
| 215 |
|
|
|a 125,[2] с.
|c ил.
|
| 225 |
1 |
|
|a Алгоритмы и алгоритмические языки
|
| 320 |
|
|
|a Библиография в конце глав.
|
| 610 |
1 |
|
|a прикладные программы
|
| 610 |
1 |
|
|a математическое моделирование
|
| 610 |
1 |
|
|a проектирование
|
| 610 |
1 |
|
|a программное обеспечение
|
| 675 |
|
|
|a 681.3.069
|v 3
|
| 702 |
|
1 |
|a Самарский
|b А. А.
|g Александр Андреевич
|4 340
|
| 712 |
0 |
2 |
|a Академия наук СССР (АН СССР)
|b Вычислительный центр
|2 stltpush
|3 (RuTPU)RU\TPU\col\11481
|
| 801 |
|
0 |
|a RU
|b RuMRKP
|c 19950417
|g psbo
|
| 801 |
|
1 |
|a RU
|b 63413507
|c 20060921
|g PSBO
|
| 801 |
|
2 |
|a RU
|b 63413507
|c 20090416
|g PSBO
|
| 942 |
|
|
|c BK
|